000 00437nam a2200181Ia 4500
001 615
005 20260306140530.0
008 260306t2023||||xx |||||||||||||| ||spa||
041 _aESP
082 _a128
_bQ41A
100 _aQuiceno Osorio, Juan David
_eAUT
245 0 _aApuntes para una antropologĂ­a cristiana
260 _c2023
300 _a200 páginas :
_c23 cm.
650 _aGEN
654 _aCHU
942 _cLIB
_dJUS
_fJUS
_2ddc
_n
999 _c615
_d615